000 00284nam a22001337a 4500
008 181105b xxu||||| |||| 00| 0 eng d
020 _a0030419378
041 _aeng
080 _a531
100 _a43
101 _aFIZ
245 _aModern Physics
_cWilliams, J.E
942 _2udc
_cBK
999 _c51892
_d51892